000 00426pab a2200169 454500
008 180718b2008 xxu||||| |||| 00| 0 eng d
100 _aHansson, Asa
245 _aIntegration and the structure of public spending
260 _c2008
300 _ap.1001-027.
362 _aJul
650 _aPublic expenditure
700 _aOlofsdotter, Karin
773 _aComparative Political Studies
908 _aN
909 _a79151
999 _c79151
_d79151